[Event "5th ch-EURw"]
[Site "Dresden GER"]
[Date "2004.03.28"]
[Round "8"]
[White "Bojkovic,N"]
[Black "Arakhamia,K"]
[Result "0-1"]
[WhiteElo "2391"]
[BlackElo "2435"]

1.e4 c5 2.Nf3 e6 3.d4 cxd4 4.Nxd4 Nc6 5.Nc3 Qc7 6.Be2 a6 7.f4 Nxd4 8.Qxd4 b5
9.Be3 Bb7 10.O-O Rc8 11.Rfd1 h5 12.h3 h4 13.a4 b4 14.Na2 Nf6 15.Bf3 Bc5 16.Qxc5 Qxc5
17.Bxc5 Rxc5 18.Rd4 a5 19.c3 bxc3 20.Nxc3 O-O 21.Rf1 Rb8 22.Nb5 d5 23.exd5 Nxd5
24.Rfd1 Rc2 25.f5 Rxb2 26.fxe6 fxe6 27.Re1 Nf6 28.Bxb7 Rxb7 29.Rxe6 Rb1+
30.Kh2 Rb4 31.Red6 Rxd4 32.Rxd4 g5 33.g3 hxg3+ 34.Kxg3 Re7 35.Kf3 Re1 36.Nd6 Ra1
37.Nb7 Ra3+ 38.Kg2 Ra2+ 39.Kf3 Ra3+ 40.Kg2 Nh5 41.Nxa5 Nf4+ 42.Kf1 Nxh3 43.Nc6 Kf7
44.Ne5+ Ke6 45.Nd3 Kf5 46.Ne1 g4 47.Rc4 Ra1 48.Ke2 Nf4+ 49.Kf2 Ra3 50.Rc5+ Ke4
51.Rc4+ Ke5 52.Rc5+ Kd6 53.Rc4 g3+ 54.Kg1 Ke5 55.Rc5+ Ke4 56.Rc4+ Kf5 57.Nc2 Rd3
58.Ne1 Rd1 59.Rc5+ Ke4 60.Rc4+ Ke5 61.Kf1 g2+ 62.Kf2 Rxe1 63.Rc5+ Kf6  0-1

[Event "30th ch-BAN"]
[Site "Dhaka BAN"]
[Date "2004.03.29"]
[Round "2"]
[White "Mohammad,J"]
[Black "Hasan,M"]
[Result "1-0"]
[WhiteElo "2150"]
[BlackElo "2224"]

1.e4 c5 2.Nf3 e6 3.d4 cxd4 4.Nxd4 Nc6 5.Nc3 Qc7 6.Be3 a6 7.Qd2 Nf6 8.O-O-O Bb4
9.f3 Ne5 10.Nb3 b5 11.Bd4 Nc4 12.Qg5 Bf8 13.e5 h6 14.Qg3 Nh5 15.Qh4 g6 16.g4 Be7
17.Qe1 Nf4 18.h4 Bb7 19.Ne4 Nxe5 20.Qa5 Qb8 21.Nbc5 d6 22.Bxe5 Bxe4 23.Bxd6 Bxd6
24.Nxe4 Nd5 25.Nxd6+ Qxd6 26.Bxb5+ Ke7 27.Ba4 Rhb8 28.Rhe1 Qf4+ 29.Kb1 Kf8
30.Bb3 Qxf3 31.Bxd5 exd5 32.Rf1 Qe4 33.Rxd5 Qc4 34.Qc5+ Qxc5 35.Rxc5 Rc8
36.Re5 Rc4 37.Rg1 Rd8 38.b3 Rf4 39.a4 Rdd4 40.Ra5 Rxg4 41.Rxg4 Rxg4 42.Rxa6 Rxh4
43.Rb6 Ke7 44.a5 Rd4 45.a6 Rd8 46.Rb7+ Kd6 47.a7 Ra8 48.Rxf7 g5 49.b4 Kc6
50.c4 Kb6 51.Kb2 Rxa7 52.c5+ Ka6 53.b5+ Kxb5 54.Rxa7 Kxc5 55.Kc3 Kd5 56.Kd3  1-0

[Event "IV Open"]
[Site "Dos Hermanas ESP"]
[Date "2004.03.29"]
[Round "5"]
[White "Moreno Carnero,J"]
[Black "Teran Alvarez,I"]
[Result "1/2-1/2"]
[WhiteElo "2525"]
[BlackElo "2382"]

1.e4 c5 2.Nf3 e6 3.d4 cxd4 4.Nxd4 Nc6 5.Nc3 Qc7 6.Be2 a6 7.O-O Nf6 8.Be3 Be7
9.f4 d6 10.Kh1 O-O 11.Qe1 Nxd4 12.Bxd4 b5 13.a3 Bb7 14.Qg3 Bc6 15.Bf3 a5
16.Nd1 Qb7 17.Nf2 Kh8 18.Rae1 Rad8 19.c3 b4 20.axb4 axb4 21.e5 dxe5 22.fxe5 Ng8
23.Ne4 Nh6 24.Nd6 Bxd6 25.Bxc6 Qxc6 26.exd6 Rg8 27.cxb4 Nf5 28.Qc3 Nxd4 29.Qxd4 Rxd6
30.Qc5 f6 31.Rd1 Rxd1 32.Rxd1 Qa4 33.Rc1 h6 34.h3 e5 35.Rc4 Rb8 36.Qc7 Qd1+
37.Kh2 Qd8 38.Qc6 Qb6 39.Qd7 Qd8 40.Qc6 Rb6 41.Qe4 Qd7 42.Qa8+ Kh7 43.Qe4+ Kg8
44.Rc5 Kh8 45.Qc2 Rb8 46.Rc7 Qe8 47.Qc5 Qf8 48.Re7 Rc8 49.Qa7 Ra8 50.Qd7 Rd8
51.Qe6 Qg8 52.Qg4 Qf8 53.Qe6 Qg8 54.Qg4 Qf8 55.Qe6  1/2-1/2

[Event "IV Open"]
[Site "Dos Hermanas ESP"]
[Date "2004.03.31"]
[Round "7"]
[White "Korneev,O"]
[Black "Teran Alvarez,I"]
[Result "0-1"]
[WhiteElo "2566"]
[BlackElo "2382"]

1.e4 c5 2.Nf3 e6 3.d4 cxd4 4.Nxd4 Nc6 5.Nc3 Qc7 6.Be3 a6 7.Qd2 Nxd4 8.Qxd4 b5
9.O-O-O Rb8 10.Kb1 Ne7 11.Qa7 Qxa7 12.Bxa7 Ra8 13.Bc5 Nc6 14.Bxf8 Rxf8 15.f4 f6
16.Be2 Ke7 17.Bf3 Bb7 18.Rhe1 Na5 19.a4 b4 20.Ne2 Rac8 21.Nd4 Rc7 22.h4 g6
23.h5 e5 24.Ne2 Nc4 25.hxg6 hxg6 26.Rh1 Rf7 27.Rh8 Rg7 28.g4 d6 29.a5 f5
30.Rb8 fxe4 31.Bh1 Rh7 32.Ng3 exf4 33.Nxe4 b3 34.cxb3 Rxh1 35.Nf2 Rxd1+ 36.Nxd1 Nxa5
37.b4 Be4+ 38.Ka2 Bd5+ 39.b3 Bxb3+  0-1

[Event "5th ch-EURw"]
[Site "Dresden GER"]
[Date "2004.03.31"]
[Round "10"]
[White "Czaeczine,A"]
[Black "Ovod,E"]
[Result "1/2-1/2"]
[WhiteElo "2153"]
[BlackElo "2357"]

1.e4 c5 2.Nf3 e6 3.d4 cxd4 4.Nxd4 Nc6 5.Nc3 a6 6.Be2 Qc7 7.Be3 Nf6 8.a3 Be7
9.O-O O-O 10.f4 d6 11.Kh1 Bd7 12.Qe1 Nxd4 13.Bxd4 e5 14.Be3 Bc6 15.Bf3 exf4
16.Bxf4 Nd7 17.Qg3 Ne5 18.Rad1 Rad8 19.Rf2 Ng6 20.Rfd2 Nxf4 21.Qxf4 Qb6 22.b4 Bf6
23.Nd5 Bxd5 24.Rxd5 Be5 25.Qc1 Rc8 26.c4 Qf2 27.Rf1 Qh4 28.g3 Qe7 29.Rf2 Rc6
30.Rc2 Rfc8 31.c5 dxc5 32.Rdxc5 Rxc5 33.Rxc5 Rxc5 34.Qxc5 Qxc5 35.bxc5 Bd4
36.e5 Bxc5 37.Bxb7 a5 38.a4 Bd4 39.Kg2 Bxe5 40.Kf3 Kf8 41.h3 f5 42.g4 f4
43.Be4  1/2-1/2

[Event "IV Open"]
[Site "Dos Hermanas ESP"]
[Date "2004.04.01"]
[Round "8"]
[White "Cheparinov,I"]
[Black "Pogorelov,R"]
[Result "1-0"]
[WhiteElo "2550"]
[BlackElo "2451"]

1.e4 c5 2.Nf3 Nc6 3.d4 cxd4 4.Nxd4 e6 5.Nc3 Qc7 6.Be3 a6 7.Qd2 Nf6 8.O-O-O Bb4
9.f3 Ne5 10.Nb3 b5 11.Bd4 Bb7 12.Kb1 Be7 13.Qf2 Rc8 14.a3 d6 15.g4 O-O 16.g5 Nfd7
17.Rg1 Nc6 18.Be3 b4 19.axb4 Nxb4 20.f4 Rfe8 21.f5 exf5 22.exf5 Bf8 23.Rd4 d5
24.Bh3 Bc6 25.g6 Nf6 26.Rh4 Rxe3 27.Qxe3 Re8 28.Qg3 Qb6 29.gxf7+ Kxf7 30.Nd4 Ne4
31.Nxe4 dxe4 32.Ne6 Qa5 33.Rxh7 Qa2+ 34.Kc1 Qa1+ 35.Kd2 e3+ 36.Qxe3 Qxb2
37.Qb3 Qxb3 38.cxb3 Kf6 39.Rg6+ Ke5 40.Rh5 Ke4 41.f6  1-0

[Event "IV Open"]
[Site "Dos Hermanas ESP"]
[Date "2004.04.01"]
[Round "8"]
[White "Martin Perez,J"]
[Black "Gomez Feria,J"]
[Result "0-1"]
[WhiteElo "2280"]
[BlackElo "1989"]

1.e4 c5 2.Nf3 e6 3.d4 cxd4 4.Nxd4 Nc6 5.Nc3 a6 6.Nxc6 bxc6 7.Bd3 Qc7 8.Qe2 Bd6
9.Qg4 g6 10.f4 Nf6 11.Qf3 Bc5 12.e5 Nd5 13.Ne4 Be7 14.a3 f5 15.Nd2 Nb6 16.b3 Bb7
17.Bb2 c5 18.Qe2 Bh4+ 19.Kd1 Qc6 20.Rg1 Be7 21.Kc1 Rf8 22.Nc4 a5 23.Nxb6 Qxb6
24.a4 c4 25.Rd1 cxd3 26.Qxd3 Qc6 27.Bc3 Rf7 28.Kb2 Bc5 29.Rd2 Qb6 30.Qg3 Rc8
31.h4 Be4 32.Rad1 Rc6 33.Re2 Bf8 34.Qe1 Qc5 35.Ra1 Ra6 36.Qd2 Be7 37.Bd4 Qc6
38.Rh1 h5 39.Rh2 Rf8 40.g3 Kf7 41.Re1 Rb8 42.Ra1 Rb7 43.Re2 Ra8 44.Re3 Rab8
45.Re2 Bb4 46.Bc3 Bxc3+ 47.Qxc3 Qxc3+ 48.Kxc3 Rc7+ 49.Kb2 Rbc8 50.c4 Ke7
51.Rd2 Rb8 52.Kc3 Rcb7 53.Rb2 d6 54.Rd1 d5 55.Rd4 Rb4 56.cxd5 Rc8+ 57.Rc4 Rbxc4+
58.bxc4 Bxd5  0-1

[Event "5th ch-EURw"]
[Site "Dresden GER"]
[Date "2004.04.01"]
[Round "11"]
[White "Roessler,U"]
[Black "Zakurdjaeva,I"]
[Result "0-1"]
[WhiteElo "2221"]
[BlackElo "2244"]

1.e4 c5 2.Nf3 e6 3.d4 cxd4 4.Nxd4 Nc6 5.Nc3 Qc7 6.Be3 a6 7.Bd3 b5 8.Nxc6 dxc6
9.O-O Bb7 10.f4 c5 11.e5 b4 12.Nb1 c4 13.Be2 Nh6 14.c3 Nf5 15.Bf2 Bc5 16.cxb4 Bxf2+
17.Rxf2 Ne3 18.Qc1 Qb6 19.Nd2 Bd5 20.a3 Rc8 21.Bf3 O-O 22.Rb1 Rfd8 23.Qe1 Bxf3
24.Rxf3 c3 25.Nf1 Rd1 26.Rxe3 Rxe1 27.Rxe1 cxb2 28.Nd2 Rc1 29.Kf1 Qxe3  0-1

[Event "5th ch-EURw"]
[Site "Dresden GER"]
[Date "2004.04.02"]
[Round "12"]
[White "Mietzner,T"]
[Black "Stepovaia Dianchenko,T"]
[Result "1/2-1/2"]
[WhiteElo "2201"]
[BlackElo "2374"]

1.e4 c5 2.Nf3 Nc6 3.d4 cxd4 4.Nxd4 e6 5.Nc3 Qc7 6.f4 a6 7.Nxc6 bxc6 8.Bd3 d5
9.O-O Bc5+ 10.Kh1 f5 11.exf5 exf5 12.Na4 Bd6 13.c4 Nf6 14.c5 Be7 15.Nb6 Ra7
16.b4 O-O 17.Bb2 Ne4 18.Be5 Qb7 19.Bxe4 fxe4 20.a4 Bd8 21.Qd4 Bg4 22.Ra2 Bf6
23.Rc2 Qe7 24.Bxf6 Rxf6 25.h3 Bf5 26.b5 axb5 27.axb5 e3 28.Re2 Qe4 29.Qxe3 Qxe3
30.Rxe3 d4 31.Re5 cxb5 32.Nd5 Bc2 33.Nxf6+ gxf6 34.Rd5 d3 35.Rf3 Rc7 36.Rfxd3 Bxd3
37.Rxd3 Rxc5 38.Rd8+ Kg7 39.Rb8 h5 40.Kg1 h4 41.Kf2 Kg6 42.Rh8 b4 43.Rb8 Rc4
44.Kf3 f5 45.Rb6+ Kf7 46.g3 Rc3+ 47.Ke2 Rxg3 48.Rxb4 Rxh3 49.Kf2 Rg3 50.Rb8 Kg7
51.Ra8 Rb3 52.Kg2 h3+ 53.Kh2 Rf3 54.Ra6 Kf7 55.Rh6 Rxf4 56.Rxh3 Kf6 57.Kg3 Ra4
58.Rh8 Ra3+  1/2-1/2

[Event "TCh-FRA Nat1 GpB"]
[Site "Montpellier FRA"]
[Date "2004.04.03"]
[Round "6"]
[White "Lutz,C"]
[Black "De la Riva Aguado,O"]
[Result "1-0"]
[WhiteElo "2597"]
[BlackElo "2549"]

1.e4 c5 2.Nf3 Nc6 3.d4 cxd4 4.Nxd4 e6 5.Nc3 Qc7 6.Be3 a6 7.Qd2 Nxd4 8.Bxd4 Ne7
9.O-O-O b5 10.Kb1 Nc6 11.Be3 Ne5 12.f4 Nc4 13.Bxc4 Qxc4 14.Bd4 f6 15.g4 Be7
16.g5 O-O 17.gxf6 Bxf6 18.Bxf6 Rxf6 19.f5 b4 20.Rhg1 h6 21.Qd6  1-0

[Event "ch-DEN"]
[Site "Koge DEN"]
[Date "2004.04.04"]
[Round "1.1"]
[White "Skytte,R"]
[Black "Mortensen,E"]
[Result "1-0"]
[WhiteElo "2401"]
[BlackElo "2450"]

1.e4 c5 2.Nf3 e6 3.Nc3 Nc6 4.d4 cxd4 5.Nxd4 d6 6.g3 Nf6 7.Bg2 Bd7 8.O-O Nxd4
9.Qxd4 Bc6 10.Rd1 Be7 11.e5 dxe5 12.Bxc6+ bxc6 13.Qxe5 Qb8 14.Qe2 O-O 15.b3 Nd5
16.Bb2 Rd8 17.Ne4 Bf8 18.Qf3 Qc7 19.h4 h6 20.c4 Ne7 21.Nf6+ Kh8 22.Ng4 Kg8
23.Nxh6+ gxh6 24.Qf6 Ng6 25.h5 Qe7 26.hxg6 Qxf6 27.Bxf6 Rxd1+ 28.Rxd1 a5
29.gxf7+ Kxf7 30.Be5 a4 31.Rd7+ Ke8 32.Rb7 axb3 33.axb3 Ra2 34.Bd4 c5 35.Be3 Rb2
36.Kg2 h5 37.Kf3 Bd6 38.Ke4 Kd8 39.Rb5 Kd7 40.Bxc5 Bxc5 41.Rxc5 Rxb3 42.Rxh5 Rc3
43.Ke5 Rf3 44.Rh7+ Kc6 45.Rh2 Kd7 46.g4 Rc3 47.Rh7+ Kc6 48.Kxe6 Rxc4 49.g5 Rf4
50.g6 Rxf2 51.g7 Re2+ 52.Kf7 Rf2+ 53.Kg8 Kd7 54.Kh8  1-0

[Event "Asian U18b"]
[Site "Tehran IRI"]
[Date "2004.04.05"]
[Round "4"]
[White "Alavi,S"]
[Black "Himanshu,K"]
[Result "1-0"]
[WhiteElo "2306"]
[BlackElo "2051"]

1.e4 c5 2.Nf3 e6 3.d4 cxd4 4.Nxd4 Nc6 5.Nc3 Qc7 6.Be3 a6 7.Bd3 Nf6 8.O-O Ne5
9.h3 Bc5 10.Qe2 d6 11.f4 Ng6 12.Nb3 Bxe3+ 13.Qxe3 O-O 14.a4 b6 15.Nd4 Qc5
16.Nce2 Re8 17.Rab1 Bb7 18.b4 Qc7 19.Ng3 e5 20.fxe5 Rxe5 21.Rxf6 gxf6 22.Qh6 Qe7
23.Rf1 Qf8 24.Qe3 d5 25.Rxf6 Qe7 26.Rxb6 dxe4 27.Ndf5 Qf8 28.Bc4 Bd5 29.Bxd5 Rxd5
30.Rb7 Re8 31.Nh6+ Kh8 32.Nxf7+ Kg7 33.Ng5+ Kf6 34.Nxh7+  1-0

[Event "Cogas Open"]
[Site "Almelo NED"]
[Date "2004.04.08"]
[Round "1"]
[White "Lukas,M"]
[Black "Spoelman,W"]
[Result "0-1"]
[WhiteElo "2082"]
[BlackElo "2239"]

1.e4 c5 2.Nf3 e6 3.d4 cxd4 4.Nxd4 Nc6 5.Nc3 Qc7 6.g3 a6 7.Bg2 Nf6 8.O-O Bc5
9.Nde2 Ne5 10.h3 d6 11.Nf4 b5 12.Nd3 Ba7 13.Kh1 Bb7 14.Bg5 Nfd7 15.a4 h6
16.Bc1 bxa4 17.Rxa4 O-O 18.Ne2 Bc6 19.Rxa6 Qb7 20.Rxc6 Qxc6 21.Nb4 Qa4 22.Nd3 Rac8
23.b3 Qc6 24.Nb4 Qb5 25.c3 Bc5 26.f4 Bxb4 27.fxe5 Bxc3 28.Nxc3 Rxc3 29.exd6 Qxb3  0-1

[Event "30th ch-BAN"]
[Site "Dhaka BAN"]
[Date "2004.04.08"]
[Round "11"]
[White "Ahmed,SN"]
[Black "Hasan,M"]
[Result "1-0"]
[WhiteElo "2280"]
[BlackElo "2224"]

1.e4 c5 2.Nc3 e6 3.Nge2 Nc6 4.d4 cxd4 5.Nxd4 Qc7 6.g3 Nf6 7.Bg2 Nxd4 8.Qxd4 Bc5
9.Bf4 d6 10.Qd2 e5 11.Bg5 Be6 12.O-O Rc8 13.Na4 Nd7 14.Nxc5 dxc5 15.b3 Nb8
16.Be3 O-O 17.f4 f6 18.fxe5 fxe5 19.Rxf8+ Kxf8 20.b4 Nd7 21.c3 Kg8 22.a4 a5
23.Bf1 Nf6 24.Bg2 axb4 25.cxb4 cxb4 26.Qxb4 Qc3 27.Qxc3 Rxc3 28.Bc1 Rb3 29.Ba3 Rd3
30.Bc5 Nd7 31.Ba7 Bb3 32.Bf1 Rc3 33.Ra3 Kf8 34.Bf2 Ke8 35.Be1 Rc1 36.Rxb3 Rxe1
37.Rxb7 Rxe4 38.Bb5 Rd4 39.a5  1-0

[Event "42nd Doeberl Cup"]
[Site "Canberra AUS"]
[Date "2004.04.09"]
[Round "1"]
[White "Stojic,D"]
[Black "Bjelobrk,I"]
[Result "0-1"]
[WhiteElo "2038"]
[BlackElo "2362"]

1.e4 c5 2.Nf3 e6 3.d4 cxd4 4.Nxd4 Nc6 5.Nc3 Qc7 6.Be2 a6 7.O-O Nf6 8.Be3 Bb4
9.Na4 Be7 10.Nxc6 bxc6 11.Nb6 Rb8 12.Nxc8 Qxc8 13.Bd3 Rxb2 14.e5 Nd5 15.Qg4 Kf8
16.Bd4 Rb4 17.c4 c5 18.a3 Rb3 19.Bc2 h5 20.Qe4 cxd4 21.cxd5 Rc3 22.Ba4 g6
23.d6 Bg5 24.Qxd4 Rc4 25.Bxd7 Rxd4 26.Bxc8 Bf4 27.Rad1 Bxe5 28.Rxd4 Bxd4
29.Bxa6 Bc5 30.Rd1 Bxa3 31.Kf1 Kg7 32.Ke2 Rb8 33.d7 Be7 34.Rc1 Rb2+ 35.Kf3 Rd2
36.Bc8 e5 37.g3 f5 38.Ke3 Rb2 39.Rd1 Bd8 40.Rf1 e4 41.h4 Bb6+ 42.Kf4 Kf6
43.f3 Rb3 44.d8=Q+ Bxd8  0-1

[Event "30th ch-BAN"]
[Site "Dhaka BAN"]
[Date "2004.04.10"]
[Round "13"]
[White "Mohammad,J"]
[Black "Murshed,N"]
[Result "0-1"]
[WhiteElo "2150"]
[BlackElo "2436"]

1.e4 c5 2.Nf3 e6 3.d4 cxd4 4.Nxd4 Nc6 5.Nc3 Qc7 6.Be3 a6 7.Be2 Nf6 8.O-O Bb4
9.Na4 Be7 10.Nxc6 bxc6 11.Nb6 Rb8 12.Nxc8 Qxc8 13.Bd4 O-O 14.Qd3 a5 15.Qg3 Bd8
16.Be5 d6 17.Bc3 e5 18.Bd3 Bb6 19.Kh1 Re8 20.Rad1 Qg4 21.Qxg4 Nxg4 22.Rd2 d5
23.Re2 Bc7 24.Rfe1 d4 25.Bd2 Rxb2 26.h3 Nf6 27.a3 Nd7 28.Bc1 Rbb8 29.Rf1 Kf8
30.g3 Ke7 31.f4 f6 32.f5 a4 33.g4 h6 34.h4 Ba5 35.Rg1 Bc3 36.Rh2 Rh8 37.g5 hxg5
38.hxg5 Rxh2+ 39.Kxh2 Bb2 40.gxf6+ gxf6 41.Rg7+ Kd6 42.Bd2 Bxa3 43.Bc4 Bb4
44.Be6 Nc5 45.Bxb4 Rxb4 46.Rf7 Nxe4  0-1

[Event "42nd Doeberl Cup"]
[Site "Canberra AUS"]
[Date "2004.04.11"]
[Round "6"]
[White "Rujevic,M"]
[Black "Johansen,D"]
[Result "1/2-1/2"]
[WhiteElo "2273"]
[BlackElo "2489"]

1.e4 c5 2.Nf3 e6 3.d4 cxd4 4.Nxd4 Nc6 5.Nc3 a6 6.Be2 Nge7 7.Nb3 b5 8.Be3 Na5
9.Nxa5 Qxa5 10.a3 Nc6 11.O-O Be7 12.f4 Qc7 13.Bf3 Bb7 14.e5 Na5 15.Ne4 Rc8
16.Qe1 Nc4 17.Bc1 d5 18.Nf2 O-O 19.c3 Rfd8 20.Kh1 d4 21.Bxb7 Qxb7 22.cxd4 Rxd4
23.Ng4 Qe4 24.Qg3 Rd3 25.Nf2 Rxg3 26.Nxe4 Rd3 27.b4 Nb6 28.g4 Rc2 29.f5 Re2
30.Ng3 Rc2 31.Bf4 Nd5 32.Rac1 Rxc1 33.Bxc1 Bd8 34.Ne4 Bb6 35.fxe6 fxe6 36.Ng5 Nc7
37.Kg2 h6 38.Ne4 Bd4 39.Re1 Nd5 40.g5 h5 41.g6 Ne7 42.Ng5 Nxg6 43.Nxe6 Bxe5
44.Nc5 Rc3 45.h3 Nh4+ 46.Kf1 Nf3 47.Rd1 Rc2 48.Be3 Bb2 49.Nxa6 Bxa3 50.Bf2 Rc6
51.Rd8+ Kh7 52.Nb8 Re6 53.Kg2 Ne5 54.Rd5 Bxb4 55.Rxb5 Bd6 56.Na6 Rg6+ 57.Kf1 Rf6
58.Kg2 Kg6 59.Bh4 Re6 60.Nc5 Bxc5 61.Rxc5 Nd3 62.Ra5 Nf4+ 63.Kg3 Ne2+ 64.Kg2 Nd4
65.Rg5+ Kh6 66.Rd5 Re4 67.Bf2 Ne6 68.Kf3 Rf4+ 69.Kg2 Kg6 70.Re5 Kf6  1/2-1/2

[Event "ACP Blitz Prelim2"]
[Site "playchess.com INT"]
[Date "2004.04.13"]
[Round "11"]
[White "Kobalia,M"]
[Black "Vescovi,G"]
[Result "1-0"]
[WhiteElo "2630"]
[BlackElo "2648"]

1.e4 c5 2.Nf3 e6 3.d4 cxd4 4.Nxd4 Nc6 5.Nc3 Qc7 6.Be3 a6 7.Qd2 Ne5 8.O-O-O b5
9.f4 Nc4 10.Bxc4 Qxc4 11.e5 Bb4 12.Nde2 Ne7 13.a3 Ba5 14.b4 Bc7 15.Bc5 a5
16.Kb2 Nc6 17.Qd3 Qxd3 18.Rxd3 Ba6 19.Rhd1 O-O-O 20.Ne4 f6 21.Nd6+ Bxd6 22.Bxd6 f5
23.Rc3 Kb7 24.Nd4 Kb6 25.Nb3 a4 26.Nc5 Bb7 27.Rcd3 Ba8 28.h4 Rhe8 29.h5 g6
30.Rg3 Ne7 31.Bxe7 Rxe7 32.hxg6 hxg6 33.Rd6+ Kc7 34.Rxg6 Rh8 35.g4 fxg4 36.Rxg4 Rf8
37.Kc3 Bc6 38.Kd4 Ref7 39.Nd3 Rh7 40.c4 Rh3 41.Rg7 bxc4 42.Kxc4 Rb8 43.Nc5 Rxa3
44.Na6+ Kb7 45.Nxb8 Kxb8 46.b5  1-0

[Event "It"]
[Site "Indjija SCG"]
[Date "2004.04.14"]
[Round "4"]
[White "Illijin,N"]
[Black "Rajkovic,Du"]
[Result "1-0"]
[WhiteElo "2276"]
[BlackElo "2449"]

1.e4 c5 2.Nf3 e6 3.d4 cxd4 4.Nxd4 Nc6 5.Nc3 Qc7 6.Be3 a6 7.Be2 Bd6 8.Qd2 Nxd4
9.Bxd4 Nf6 10.Qg5 Bf8 11.e5 Qa5 12.O-O-O d6 13.Qe3 Nd7 14.exd6 e5 15.Bg4 h5
16.Bxd7+ Kxd7 17.Bxe5 Rh6 18.Qf4 Ke8 19.Nd5 Qxa2 20.Rhe1 Be6 21.d7+  1-0

[Event "ACP Blitz Prelim4"]
[Site "playchess.com INT"]
[Date "2004.04.15"]
[Round "2"]
[White "Bologan,V"]
[Black "Svidler,P"]
[Result "0-1"]
[WhiteElo "2665"]
[BlackElo "2733"]

1.e4 c5 2.Nf3 e6 3.d4 cxd4 4.Nxd4 Nc6 5.Nc3 a6 6.Nxc6 bxc6 7.Bd3 d5 8.O-O Nf6
9.Qe2 Be7 10.Bg5 O-O 11.e5 Nd7 12.Bxe7 Qxe7 13.Na4 c5 14.c4 Bb7 15.b3 Bc6
16.Nc3 d4 17.Nb1 f6 18.exf6 Nxf6 19.Nd2 e5 20.Rae1 Rae8 21.Ne4 Kh8 22.Nxf6 gxf6
23.Qh5 e4 24.f3 e3 25.Re2 Rg8 26.Qh4 a5 27.a3 f5 28.Qxe7 Rxe7 29.Bxf5 Rb8
30.Rb1 Reb7 31.Reb2 a4 32.Bc2 Kg7 33.Kf1 Kf6 34.Ke2 Ke5 35.g3 Kd6 36.f4 h5
37.b4 cxb4 38.Rxb4 Rxb4 39.axb4 a3 40.b5 Bd7 41.Ra1 Bg4+ 42.Kd3 Kc5 43.Ke4 Re8+
44.Kd3 Bf5+ 45.Ke2 Bxc2 46.Rxa3 d3+  0-1

[Event "ACP Blitz Prelim4"]
[Site "playchess.com INT"]
[Date "2004.04.15"]
[Round "3"]
[White "Svidler,P"]
[Black "Zaitsev,M"]
[Result "1-0"]
[WhiteElo "2733"]
[BlackElo "2466"]

1.e4 c5 2.Nf3 e6 3.d4 cxd4 4.Nxd4 Nc6 5.Nc3 Qc7 6.Be3 Nf6 7.Ndb5 Qb8 8.f4 d6
9.Qd2 a6 10.Nd4 Be7 11.O-O-O O-O 12.Be2 Rd8 13.Kb1 Qc7 14.g4 d5 15.e5 Ne4
16.Nxe4 dxe4 17.Qc3 Bd7 18.Nb3 Rac8 19.Qc4 b5 20.Qxe4 Nb4 21.Nd4 Be8 22.f5 Rd5
23.Bf4 Bd7 24.c3 Nc6 25.fxe6 fxe6 26.Nf5 Rxd1+ 27.Rxd1 Bf8 28.Nd6 Rd8 29.Bd3 g6
30.h4 Ne7 31.Bg5 Bc6 32.Qe2 Rd7 33.h5 Bd5 34.Bf6 Bg7 35.Bxe7 Rxe7 36.hxg6 hxg6
37.Bxg6 Qa5 38.a3 Qa4 39.Bc2 Qf4 40.Rf1 Qxe5 41.Qd3 Bf6 42.Qg6+ Rg7 43.Qe8+  1-0

[Event "ch-city"]
[Site "Berlin GER"]
[Date "2004.04.17"]
[Round "9"]
[White "Meister,Y"]
[Black "Dauth,B"]
[Result "1-0"]
[WhiteElo "2505"]
[BlackElo "2281"]

1.e4 c5 2.Nf3 e6 3.d4 cxd4 4.Nxd4 Nc6 5.Nc3 Nf6 6.Nxc6 bxc6 7.e5 Nd5 8.Ne4 Qc7
9.f4 Rb8 10.Bd3 Ba6 11.O-O Bxd3 12.Qxd3 f5 13.exf6 Nxf6 14.Nxf6+ gxf6 15.b3 Qd6
16.Qe2 Rb5 17.Be3 Rd5 18.c4 Rd3 19.Kh1 Rg8 20.Bc5 Qxc5 21.Qxd3 Qh5 22.Rad1 Rg7
23.Rf3 Bc5 24.Rh3 Qf7 25.Rg3 Rxg3 26.Qxg3 Qh5 27.Qd3 d6 28.Re1 Kd7 29.Qe4 e5
30.fxe5 fxe5 31.Rf1 Kc7 32.g3 h6 33.h4 Bd4 34.b4 Kb6 35.a4 Qe8 36.a5+ Ka6
37.Rf6 Qd7 38.Kg2 Bc3 39.c5 Kb5 40.Rxd6 Qc8 41.Rd1 Qe6 42.Qd3+ Qc4 43.Qxc4+ Kxc4
44.Kf3 Kxb4 45.Ke4 Kxa5 46.g4 Bb4 47.g5 hxg5 48.hxg5 Bxc5 49.Rf1  1-0

[Event "ACP Blitz Final"]
[Site "playchess.com INT"]
[Date "2004.04.17"]
[Round "1.4"]
[White "Kazhgaleyev,M"]
[Black "Kobalia,M"]
[Result "0-1"]
[WhiteElo "2596"]
[BlackElo "2630"]

1.e4 c5 2.Nf3 e6 3.d4 cxd4 4.Nxd4 Nc6 5.Nc3 Qc7 6.Be3 a6 7.Qd2 Nxd4 8.Bxd4 b5
9.O-O-O Rb8 10.Kb1 Ne7 11.Be3 b4 12.Ne2 Nc6 13.Bf4 e5 14.Bg3 d6 15.f4 Be7
16.h4 O-O 17.h5 h6 18.Bh4 Rd8 19.f5 Bxh4 20.Rxh4 f6 21.Rh3 Ne7 22.Rg3 Kh7
23.Rd3 Rb6 24.g4 a5 25.Ng1 Ba6 26.Rg3 Bxf1 27.Rxf1 d5 28.Rd3 d4 29.Nf3 a4
30.Rg1 b3 31.cxb3 axb3 32.axb3 Ra8 33.Rc1 Qb7 34.g5 hxg5 35.h6 Qxe4 36.Rc7 Rxb3
37.Ne1 Rab8 38.Rxe7 Rxb2+ 39.Qxb2 Qxe1+ 40.Ka2 Rxb2+ 41.Kxb2 Qe2+  0-1

[Event "ACP Blitz Final"]
[Site "playchess.com INT"]
[Date "2004.04.17"]
[Round "4.4"]
[White "Najer,E"]
[Black "Svidler,P"]
[Result "0-1"]
[WhiteElo "2606"]
[BlackElo "2733"]

1.e4 c5 2.Nc3 e6 3.Nf3 Nc6 4.d4 cxd4 5.Nxd4 d6 6.Be3 Nf6 7.f3 Be7 8.Qd2 O-O
9.g4 Nxd4 10.Bxd4 a6 11.O-O-O Nd7 12.Kb1 b5 13.h4 Bb7 14.a3 Ne5 15.Qf2 Nc6
16.Bb6 Qb8 17.g5 b4 18.axb4 Nxb4 19.g6 fxg6 20.h5 Bf6 21.hxg6 h6 22.Bc4 d5
23.Bb3 a5 24.Bd4 Bc6 25.Bxf6 Rxf6 26.exd5 a4 27.Bc4 exd5 28.Nxd5 Nxd5 29.Rxd5 Kh8
30.Qd2 Rxg6 31.Rc5 a3 32.b3 Qf8 33.Qd4 Rd8 34.Qe3 Qf6 35.Re5 Rg2 36.Bd3 a2+
37.Kxa2 Rxd3 38.Qxd3 Qxe5 39.Qd8+ Be8  0-1

[Event "Rapid"]
[Site "Beer Sheva ISR"]
[Date "2004.04.18"]
[Round "1"]
[White "Erenburg,S"]
[Black "Huzman,A"]
[Result "1/2-1/2"]
[WhiteElo "2513"]
[BlackElo "2589"]

1.e4 c5 2.Nf3 Nc6 3.d4 cxd4 4.Nxd4 e6 5.Nc3 d6 6.Be3 Nf6 7.f3 Be7 8.Qd2 O-O
9.O-O-O d5 10.exd5 Nxd5 11.Nxd5 Qxd5 12.c4 Qd6 13.Nxc6 Qxc6 14.Bd3 e5 15.Qc2 f5
16.Rhe1 Be6 17.Kb1 Bh4 18.g3 Bf6 19.Bxf5 Bxf5 20.Qxf5 Qxc4 21.Qe4 Qxe4+ 22.fxe4 Rf7
23.Rd5 a6 24.Rc1 Re8 25.Kc2 h6 26.Rf1 Kh7 27.Kd3 Re6 28.h4 h5 29.Rc1 Kg6
30.Rc8 Be7 31.Ke2 Bf6 32.a4 Ree7 33.Rh8  1/2-1/2

[Event "It"]
[Site "Indjija SCG"]
[Date "2004.04.18"]
[Round "9"]
[White "Klasan,V"]
[Black "Rajkovic,Du"]
[Result "1/2-1/2"]
[WhiteElo "2151"]
[BlackElo "2449"]

1.e4 c5 2.Nf3 e6 3.d4 cxd4 4.Nxd4 Nc6 5.Nc3 Qc7 6.f4 a6 7.Nxc6 Qxc6 8.Bd3 b5
9.Qe2 Bb7 10.Bd2 Qc7 11.a3 d6 12.O-O Nf6 13.e5 dxe5 14.fxe5 Nd7 15.Rae1 Nc5
16.Kh1 Rd8 17.b4 Nxd3 18.cxd3 Be7 19.Qh5 g6 20.Qe2 O-O 21.Rc1 Qd7 22.Bh6 Rfe8
23.Qf2 Bf8 24.Bg5 Rc8 25.Qe3 a5 26.Ne4 Bxe4 27.Qxe4 axb4 28.axb4 h6 29.Be3 Rxc1
30.Rxc1 Qd5 31.Qxd5 exd5 32.d4 f6 33.Bf4 g5 34.Bg3 fxe5 35.Bxe5 Bxb4 36.Rb1 Rc8
37.h4 Rc4 38.hxg5 hxg5 39.Kh2 Kf7 40.Kg3 Kg6 41.Kf3 Kf5 42.g4+ Ke6 43.Ke3 Kd7
44.Kd3 Kc6 45.Bf6 Rc3+ 46.Ke2 Bd6 47.Bxg5 Rg3 48.Bd2 Rxg4 49.Kd3 Rg3+ 50.Kc2 Rg8
51.Kb3 Rg2 52.Bc3 Kd7 53.Rb2 Rg3 54.Kc2 Kc6 55.Rb1 Rf3 56.Rb2 Rf1 57.Kb3 Ra1
58.Ra2 Rf1 59.Ra6+ Kc7 60.Ba5+ Kd7 61.Rb6 Rf4 62.Bc3 b4 63.Bxb4 Bc7 64.Rb5 Rxd4
65.Bc3 Rd3 66.Kc2  1/2-1/2

[Event "TCh-RUS w"]
[Site "Sochi RUS"]
[Date "2004.04.20"]
[Round "1"]
[White "Semenova,Ir"]
[Black "Vasilevich,I"]
[Result "1/2-1/2"]
[WhiteElo "2279"]
[BlackElo "2325"]

1.e4 c5 2.Nf3 e6 3.d4 cxd4 4.Nxd4 Nc6 5.Nc3 a6 6.Be2 Qc7 7.O-O Nf6 8.a4 Be7
9.Kh1 O-O 10.f4 d6 11.Be3 Re8 12.Bf3 Bd7 13.Nb3 Na5 14.Nxa5 Qxa5 15.Qe1 Bc6
16.Qg3 e5 17.Rad1 b5 18.axb5 axb5 19.Nd5 Bxd5 20.exd5 e4 21.Be2 Rec8 22.Bd2 Qa4
23.Bc3 b4 24.b3 Qa2 25.Bxb4 Rxc2 26.Bc4 e3 27.Rc1 e2 28.Rfe1 Rxc1 29.Rxc1 Re8
30.Bc3 Nh5 31.Qe3 Kf8 32.Qxe2 Qxe2 33.Bxe2 Nxf4 34.Bc4 Bg5  1/2-1/2

[Event "4th Gold Cup"]
[Site "Szombathely HUN"]
[Date "2004.04.20"]
[Round "2"]
[White "Rudolf,A"]
[Black "Ionica,I"]
[Result "0-1"]
[WhiteElo "2197"]
[BlackElo "2295"]

1.e4 c5 2.Nf3 e6 3.d4 cxd4 4.Nxd4 Nc6 5.Nc3 Qc7 6.g3 a6 7.Bg2 d6 8.a4 Bd7
9.Nb3 Nf6 10.O-O Na5 11.Nd4 Be7 12.Kh1 Nc6 13.Nb3 Na5 14.Nd4 Rc8 15.f4 h5
16.f5 e5 17.Nf3 Qc5 18.Qe2 Qc4 19.Qxc4 Rxc4 20.Bd2 Rc8 21.b3 Bd8 22.Ne1 h4
23.gxh4 Rxh4 24.Bg5 Rh5 25.Bxf6 Bxf6 26.Nd5 Bd8 27.Rf3 Nc6 28.c3 Ne7 29.Nb4 a5
30.Nbc2 Ng8 31.c4 Nf6 32.Rg3 Bc6 33.Rxg7 Nxe4 34.Ne3 Kf8 35.Bf3 Nf2+ 36.Kg1 Bxf3
37.Kxf2 Kxg7 38.Nxf3 Bb6 39.Rd1 e4 40.Nd4 Rxh2+ 41.Kg3 Rch8 42.Ng4 Rb2 43.Kf4 Rd8
44.f6+ Kf8 45.Kxe4 Bxd4 46.Rxd4 Rxb3 47.c5 Rb4 48.cxd6 Rxd6 49.Rxb4 axb4
50.Nf2 Rxf6 51.Nd3 b3 52.Kd5 Rf3 53.Nb2 Rf2  0-1

[Event "TCh-RUS"]
[Site "Dagomys RUS"]
[Date "2004.04.22"]
[Round "3"]
[White "Dolmatov,S"]
[Black "Geller,J"]
[Result "1-0"]
[WhiteElo "2573"]
[BlackElo "2489"]

1.e4 c5 2.Nf3 e6 3.d4 cxd4 4.Nxd4 Nc6 5.Nc3 Qc7 6.Be2 a6 7.O-O Nf6 8.Be3 Be7
9.f4 d6 10.a4 O-O 11.Kh1 Re8 12.Qd2 Bf8 13.Rad1 Rb8 14.Qe1 b6 15.Qf2 Nd7
16.e5 Nxd4 17.Bxd4 Bb7 18.exd6 Bxd6 19.Bxg7 Kxg7 20.Qd4+ Be5 21.fxe5 Nxe5
22.Ne4 Bxe4 23.Qxe4 b5 24.axb5 axb5 25.Qf4 f5 26.Rd3 Re7 27.Rc3 Nc4 28.Qxc7 Rxc7
29.b3 Kf6 30.bxc4 bxc4 31.Rxc4 Ra8  1-0

[Event "6th Open"]
[Site "Dubai UAE"]
[Date "2004.04.22"]
[Round "4"]
[White "Al Modiahki,M"]
[Black "Satyapragyan,S"]
[Result "1-0"]
[WhiteElo "2579"]
[BlackElo "2351"]

1.e4 c5 2.Nf3 Nc6 3.Nc3 e6 4.d4 cxd4 5.Nxd4 Qc7 6.g3 a6 7.Bg2 d6 8.O-O Bd7
9.a4 Nf6 10.Nb3 b6 11.f4 Be7 12.Be3 O-O 13.g4 Bc8 14.g5 Nd7 15.Rf3 Nc5 16.Rh3 g6
17.a5 Nxa5 18.Nxa5 bxa5 19.Qe1 h5 20.Bf3 Bb7 21.Qh4 f6 22.Bxh5 fxg5 23.fxg5 Kg7
24.Bxg6 Rh8 25.Bh7  1-0